Statistiques concernant Ils sont nés un 22 juillet

Cliquez ici pour prendre le quiz!

Statistiques générales

  • Ce quiz a été pris 39 fois
  • Le résultat moyen est 2 sur 5

Statistiques - réponses

Réponse% Correct
Marcel Cerdan
86%
Selena Gomez
49%
Mireille Mathieu
46%
Danny Glover
37%
Willem Dafoe
26%

Distribution des résultats

Percentile par nombre de réponses

% des personnes avec chaque résultat

Votre développement - résultats

Vous n’avez pas pris ce quiz